000
00492nam a2200169Ia 4500
008
090711s9999 xx 000 0 und d
082
_b
498
100
_a
गोखले अरविंद
245
_a
कथाई
260
_b
कॉन्टीनेन्टल प्रकाशन
_c
1999
300
_a
152
600
_a
गोखले अरविंद
630
_a
कथाई
700
_a
गोखले अरविंद
730
_a
कथाई
942
_c
BOOK
999
_c
335483
_d
335483